| 000 | 00464nam a22001937a 4500 | ||
|---|---|---|---|
| 003 | MPLRDC | ||
| 005 | 20220104113838.0 | ||
| 008 | 210129b ||||| |||| 00| 0 eng d | ||
| 020 | _a962-451-135-7 | ||
| 082 | _a857.45 GY-18 v.1 | ||
| 100 | _a高阳 | ||
| 245 |
_a风尘三侠. 上 _c |
||
| 250 | _a初版一刷 | ||
| 260 |
_a _b皇冠出版社 _c1993 |
||
| 300 | _b平 | ||
| 490 | _a皇冠丛书. 95 | ||
| 650 | _a历史小说 | ||
| 942 |
_cBK _o857.45 GY-18 v.1 |
||
| 999 |
_c2800 _d2790 |
||